00836nam a22002653 450000100060000000300080000600500170001400800410003103500190007204000260009104100080011708200250012509200100015010000290016024500770018925000120026626000350027830000240031350000190033769000270035675200200038394200120040399900170041595201380043273782BD-RjUL20211209082439.019 s1911 enk 000 0  a(BD-RjUL)74000 aBD-RjULbengcBD-RjUL aeng 223a962.04bMOI 1911 aQB1021 aMuḥammad, Duse922834610aIn the land of the pharaohs, a history of Egypt from the fall of Ismail. a1st ed. alondon :bStanley paul, c1911 avi, 380 p. ;c23 cm aIncludes Index00aHistoryzEgypt9228350 aEnglanddLondon 2ddccBK c73782d73782 00102ddc40718NFICaRUCLbRUCLcReadingd1965-01-07eA 9 casrdg7.03l0o962.04 MOI 1911r2019-02-17 00:00:00tC-1w2019-02-17yBK